000
00245nam a22001097a 4500
999
_c
65053
_d
65050
082
_a
۲۱۵ ر ح م
100
_a
منشی عبدالرمان
245
_a
مذہب اور اسلام
260
_a
ملتان
300
_a
۲۸۶
942
_c
BK